|
|
|
|
| LEADER |
00000naa2a2200000 4500 |
| 001 |
191887 |
| 005 |
20260113154645.0 |
| 035 |
|
|
|a (RuTPU)RU\TPU\book\209251
|
| 090 |
|
|
|a 191887
|
| 100 |
|
|
|a 20110214d2010 k y0rusy50 ca
|
| 101 |
0 |
|
|a rus
|
| 102 |
|
|
|a RU
|
| 200 |
1 |
|
|a Новые палентологические находки из отложений Криволуцкой свиты среднего ордовика Сибирской платформы
|f Ю. А. Ужегова
|g науч. рук. И. В. Рычкова
|
| 320 |
|
|
|a Библиогр.: 8 назв.
|
| 461 |
|
1 |
|0 (RuTPU)RU\TPU\book\205901
|y 978-5-98298-729-7
|t Проблемы геологии и освоения недр
|o труды XIV Международного симпозиума имени академика М. А. Усова студентов и молодых ученых, посвященного 65-летию Победы советского народа над фашистской Германией в Великой Отечественной войне 1941-1945 гг., 5-9 апреля 2010 г. г. Томск
|o в 2 т.
|f Томский политехнический университет (ТПУ), Институт геологии и нефтегазового дела (ИГНД) ; под ред. В. А. Домаренко
|d 2010
|
| 463 |
|
1 |
|0 (RuTPU)RU\TPU\book\205106
|y 978-5-98298-730-3
|t Т. 1
|v С. 77-79
|d 2010
|
| 610 |
1 |
|
|a палентология
|
| 610 |
1 |
|
|a находки
|
| 610 |
1 |
|
|a отложения
|
| 610 |
1 |
|
|a Криволуцкая свита
|
| 610 |
1 |
|
|a Сибирская платформа
|
| 610 |
1 |
|
|a алевролиты
|
| 610 |
1 |
|
|a песчаники
|
| 610 |
1 |
|
|a моллюски
|
| 610 |
1 |
|
|a фауна
|
| 610 |
1 |
|
|a карбонатные отложения
|
| 610 |
1 |
|
|a эндоцератоидеи
|
| 610 |
1 |
|
|a средний ордовик
|
| 610 |
1 |
|
|a труды учёных ТПУ
|
| 700 |
|
1 |
|a Ужегова
|b Ю. А.
|
| 702 |
|
1 |
|a Рычкова
|b И. В.
|4 727
|
| 801 |
|
1 |
|a RU
|b 63413507
|c 20110214
|
| 801 |
|
2 |
|a RU
|b 63413507
|c 20140122
|g RCR
|
| 942 |
|
|
|c BK
|